Costos y evaluación de proyectos
Sábháilte in:
| Príomhchruthaitheoir: | |
|---|---|
| Formáid: | LEABHAR |
| Teanga: | Spáinnis |
| Foilsithe / Cruthaithe: |
Ciudad de México
Grupo Patria Cultural
2002
|
| Eagrán: | 1a. ed |
| Ábhair: | |
| Clibeanna: |
Cuir clib leis
Níl clibeanna ann, Bí ar an gcéad duine le clib a chur leis an taifead seo!
|
MARC
| LEADER | 00000cam a2200000 a 4500 | ||
|---|---|---|---|
| 001 | UCK4669 | ||
| 003 | CL-VaPUC | ||
| 008 | 050617e20020000MX |||||||||||||||||spa|d | ||
| 020 | |a 9702402603 | ||
| 082 | 0 | 4 | |a 658.404 |b OCA |2 21 |
| 100 | |a Ocampo Sámano, José Eliseo |e autor |9 493258 | ||
| 245 | 1 | 0 | |a Costos y evaluación de proyectos |
| 250 | |a 1a. ed | ||
| 300 | |a 266 p | ||
| 942 | |c BK | ||
| 945 | |d 20050617 00:00:00 |a cmena | ||
| 260 | |a Ciudad de México |b Grupo Patria Cultural |c 2002 | ||
| 650 | 0 | |a Gestión de proyectos |9 260970 | |
| 650 | 0 | |a Costos |9 261063 | |
| 650 | 0 | |a Evaluación de proyectos |9 259341 | |
| 650 | 0 | |a Planificación estratégica |9 259735 | |
| 583 | |a last modification |c 20120822 01:38:32 |k Rodrigo Vera | ||
| 999 | |c 313487 |d 313485 | ||
| 952 | |0 0 |1 0 |4 0 |6 658_404000000000000_OCA_2002 |7 0 |8 A |9 384870 |a BIBING |b BIBING |d 2019-11-22 |i 4140109 |o 658.404 OCA 2002 |p 4140109 |r 2025-01-20 |w 2019-11-22 |y BK |k EII | ||
| 952 | |0 0 |1 0 |4 0 |6 658_404000000000000_OCA_2002 |7 0 |8 A |9 384871 |a BIBMEC |b BIBMEC |d 2019-11-22 |i 4884736 |o 658.404 OCA 2002 |p 4884736 |r 2024-01-19 |w 2019-11-22 |y BK |k MEC | ||